Pays du monde de U à Z. - Statistiques

Statistiques générales
  • Ce quiz a été pris 347 fois
  • Le résultat moyen est 6 sur 9
Statistiques - réponses
Réponse % Correct
Uruguay
92%
Zimbabwe
88%
Zambie
87%
Venezuela
72%
Yémen
62%
Vatican
61%
Vanuatu
57%
Ukraine
56%
Viêt Nam
38%
Aucun quiz correspondant
Distribution des résultats
% des personnes avec chaque résultat
Percentile par nombre de réponses
Votre historique - résultats
Vous n’avez pas pris ce quiz